000
00290nam a22001337a 4500
008
181005b xxu||||| |||| 00| 0 eng d
020
_a
9791576079330
041
_a
eng
080
_a
341
100
_a
14
101
_a
341
245
_a
Courts And Trials
_c
Smith.CH. E
942
_2
udc
_c
BK
999
_c
48903
_d
48903